Herramientas para artistas visuales/ (Record no. 3054)

MARC details
000 -LEADER
campo de control de longitud fija 00572nam a22001937a 4500
003 - IDENTIFICADOR DE NÚMERO DE CONTROL
campo de control OSt
005 - FECHA Y HORA DE LA ÚLTIMA TRANSACCIÓN
campo de control 20260508202735.0
008 - DATOS DE LONGITUD FIJA--INFORMACIÓN GENERAL
campo de control de longitud fija 221027b |||||||| |||| 00| 0 eng d
040 ## - FUENTE DE CATALOGACIÓN
Centro/agencia transcriptor Biblioteca Lado V
082 ## - NÚMERO DE LA CLASIFICACIÓN DECIMAL DEWEY
Número de edición 702.81
Número de clasificación V737h
100 ## - ENTRADA PRINCIPAL--NOMBRE DE PERSONA
9 (RLIN) 580
Nombre de persona Villena Araya, Sofia
Término indicativo de función/relación autora
245 ## - MENCIÓN DEL TÍTULO
Título Herramientas para artistas visuales/
260 ## - PUBLICACIÓN, DISTRIBUCIÓN, ETC.
Nombre del editor, distribuidor, etc. Satisfactory.life
Fecha de publicación, distribución, etc. 2000
300 ## - DESCRIPCIÓN FÍSICA
Extensión 56p.
Dimensiones 15x12cm
490 ## - MENCIÓN DE SERIE
Mención de serie PARTE I
700 ## - ENTRADA AGREGADA--NOMBRE PERSONAL
Nombre de persona Chaves Espinach, Fernando
Término indicativo de función/relación autor
700 ## - ENTRADA AGREGADA--NOMBRE PERSONAL
Nombre de persona Martin, Erika
Término indicativo de función/relación autor
9 (RLIN) 408
942 ## - ELEMENTOS DE ENTRADA SECUNDARIOS (KOHA)
Fuente del sistema de clasificación o colocación Clasificación Decimal Dewey
Tipo de ítem Koha Libros
Parte de la signatura que corresponde a la clasificación (Parte de la clasificación) 702.81
Parte de la signatura que identifica el ejemplar (Parte del ítem) V737h
Suprimir en OPAC No
Holdings
Estatus retirado Estado de pérdida Fuente del sistema de clasificación o colocación Estado de daño No para préstamo Biblioteca de origen Biblioteca actual Fecha de adquisición Número de inventario Total de préstamos Signatura topográfica completa Código de barras Visto por última vez Precio de reemplazo Tipo de ítem Koha
    Clasificación Decimal Dewey     Biblioteca LadoV Biblioteca LadoV 15/02/2023 005158   702.81 V737h 005158 15/02/2023 15/02/2023 Libros
    Clasificación Decimal Dewey     Biblioteca LadoV Biblioteca LadoV 08/05/2026     702.8 C512h 00005068 08/05/2026 08/05/2026 Libros
    Clasificación Decimal Dewey     Biblioteca LadoV Biblioteca LadoV 08/05/2026     702.8 C512h 00005066 08/05/2026 08/05/2026 Libros
    Clasificación Decimal Dewey     Biblioteca LadoV Biblioteca LadoV 08/05/2026     702.8 C512h 00005067 08/05/2026 08/05/2026 Libros